00383nam a22001457a 450000500170000000800410001702000180005804100080007608200090008410000250009324500330011826000540015130000080020565000240021320160521110745.0160521b xxu||||| |||| 00| 0 eng d a81-259-1619-9 aeng b3715 aParameshwar P. Iyear aEngineering Project Magement aNew DelhibVikas Publishing House (P) Ltd. c2004 a390 aDIPLOMA ENGINEERING